New system has potential (Record no. 79929)

MARC details
000 -LEADER
fixed length control field 00830cab a22002055a 4500
001 - CONTROL NUMBER
control field L142737
008 - FIXED-LENGTH DATA ELEMENTS--GENERAL INFORMATION
fixed length control field 080305e20080301xxk f 000 0 eng d
035 ## - SYSTEM CONTROL NUMBER
System control number (Sirsi) u142737
041 0# - LANGUAGE CODE
Language code of text/sound track or separate title eng
100 1# - MAIN ENTRY--PERSONAL NAME
Personal name Field, Duncan
245 00 - TITLE STATEMENT
Title New system has potential
260 ## - PUBLICATION, DISTRIBUTION, ETC.
Date of publication, distribution, etc. 2008
490 #0 - SERIES STATEMENT
Series statement Estates Gazette
Volume/sequential designation (0808) 1 March 2008, 148-149(2)
520 ## - SUMMARY, ETC.
Summary, etc. Discusses the proposal to establish a single body to oversee nationally significant infrastructure projects. Identifies key features of the the Infrastructure Planning Commission. Considers whether or not it will work. Stresses the importance of consultation and briefly discusses the limitations of the proposal.
590 ## - LOCAL NOTE (RLIN)
Local note KA
650 24 - SUBJECT ADDED ENTRY--TOPICAL TERM
Topical term or geographic name entry element PLANNING BILL 2007-08
651 #4 - SUBJECT ADDED ENTRY--GEOGRAPHIC NAME
Geographic name England and Wales
Chronological subdivision 1543-
690 ## - LOCAL SUBJECT ADDED ENTRY--TOPICAL TERM (OCLC, RLIN)
Topical term or geographic name as entry element Planning and development
9 (RLIN) 6259
942 ## - ADDED ENTRY ELEMENTS (KOHA)
Suppress in OPAC 0
Holdings
Withdrawn status Lost status Source of classification or shelving scheme Damaged status Not for loan Home library Current library Shelving location Date acquired Total Checkouts Full call number Barcode Date last seen Copy number Price effective from Koha item type
    Dewey Decimal Classification     London London Journal article 05/03/2008   L142737 142737-1001 06/08/2019 1 06/08/2019 Journal article